| 000 | 00820nac a22002051u 4500 | ||
|---|---|---|---|
| 010 | _a 80022666 | ||
| 020 | _a007006718X : | ||
| 082 | 0 | 0 | _a696 |
| 090 |
_c4364 _d4364 |
||
| 100 | _a20080729 | ||
| 245 | 0 | 0 |
_aHandbook of mechanical and electrical systems for buildings / _cH.E. Bovay, Jr., editor in chief. |
| 260 |
_aNew York : _bMcGraw-Hill, _cc1981. |
||
| 300 |
_aCa. 800 p. : _bill. ; _c24 cm. |
||
| 504 | _aIncludes bibliographical references and index, | ||
| 650 | 0 |
_aBuildings _xMechanical equipment _xHandbooks, manuals, etc. |
|
| 650 | 0 |
_aBuildings _xElectric equipment _xHandbooks, manuals, etc. |
|
| 700 | 1 | _aBovay, Harry E. editor in chief | |
| 942 |
_cNB _k696 |
||
| 999 |
_c4364 _d4364 |
||